Исследование связи параметров электрического отклика на ударное возбуждение с размером крупного заполнителя в бетоне; Перспективы развития фундаментальных наук

Dades bibliogràfiques
Parent link:Перспективы развития фундаментальных наук.— 2014.— [С. 748-750]
Autor principal: Демихова А. А.
Autor corporatiu: Национальный исследовательский Томский политехнический университет (ТПУ) Институт неразрушающего контроля (ИНК) Проблемная научно-исследовательская лаборатория электроники, диэлектриков и полупроводников (ПНИЛ ЭДиП)
Altres autors: Фурса Т. В. Татьяна Викторовна (научный руководитель)
Sumari:Заглавие с экрана
Investigated the influence of the size coarse aggregate on the parameters of the electric response in elastic shock excitation of samples heavy concrete. It is shown that increasing the size of coarse aggregate increases the total electrical energy spectral response, high dispersion of its values in multiple measurement and to reduce attenuation factor of electrical energy responses.
Idioma:rus
Publicat: 2014
Col·lecció:Технология
Matèries:
Accés en línia:http://www.lib.tpu.ru/fulltext/c/2014/C21/250.pdf
Format: MixedMaterials Electrònic Capítol de llibre
KOHA link:https://koha.lib.tpu.ru/cgi-bin/koha/opac-detail.pl?biblionumber=606984

MARC

LEADER 00000naa2a2200000 4500
001 606984
005 20260311143800.0
035 |a (RuTPU)RU\TPU\conf\4363 
035 |a RU\TPU\conf\4356 
090 |a 606984 
100 |a 20140624d2014 k y0rusy50 ca 
101 0 |a rus 
102 |a RU 
135 |a drcn ---uucaa 
181 0 |a i  
182 0 |a b 
200 1 |a Исследование связи параметров электрического отклика на ударное возбуждение с размером крупного заполнителя в бетоне  |d Research communication parameters electric response to impact excitation with the size of coarse aggregate in concrete  |f А. А. Демихова, Т. В. Фурса  |g науч. рук. Т. В. Фурса 
203 |a Текст  |c электронный 
215 |a 1 файл(351 Кб) 
225 1 |a Технология 
300 |a Заглавие с экрана 
320 |a [Библиогр.: с. 750 (6 назв.)] 
330 |a Investigated the influence of the size coarse aggregate on the parameters of the electric response in elastic shock excitation of samples heavy concrete. It is shown that increasing the size of coarse aggregate increases the total electrical energy spectral response, high dispersion of its values in multiple measurement and to reduce attenuation factor of electrical energy responses. 
337 |a Adobe Reader 
463 1 |0 (RuTPU)RU\TPU\conf\3586  |t Перспективы развития фундаментальных наук  |l Prospects of fundamental sciences development  |o сборник научных трудов XI Международной конференция студентов и молодых ученых, г. Томск, 22-25 апреля 2014 г.  |f Национальный исследовательский Томский политехнический университет (ТПУ) ; под ред. Е. А. Вайтулевич  |v [С. 748-750]  |d 2014 
510 1 |a Research communication parameters electric response to impact excitation with the size of coarse aggregate in concrete  |z eng 
610 1 |a электронный ресурс 
610 1 |a труды учёных ТПУ 
610 1 |a параметры 
610 1 |a электрические отклики 
610 1 |a ударное возбуждение 
610 1 |a заполнители 
610 1 |a бетоны 
700 1 |a Демихова  |b А. А. 
701 1 |a Фурса  |b Т. В.  |c специалист в области неразрушающего контроля  |c ведущий научный сотрудник Томского политехнического университета, доктор технических наук  |f 1951-  |g Татьяна Викторовна  |3 (RuTPU)RU\TPU\pers\27723 
702 1 |a Фурса  |b Т. В.  |c специалист в области неразрушающего контроля  |c ведущий научный сотрудник Томского политехнического университета, доктор технических наук  |f 1951-  |g Татьяна Викторовна  |4 727 
712 0 2 |a Национальный исследовательский Томский политехнический университет (ТПУ)  |b Институт неразрушающего контроля (ИНК)  |b Проблемная научно-исследовательская лаборатория электроники, диэлектриков и полупроводников (ПНИЛ ЭДиП)  |3 (RuTPU)RU\TPU\col\19033 
801 1 |a RU  |b 63413507  |c 20101016 
801 2 |a RU  |b 63413507  |c 20140624  |g RCR 
856 4 |u http://www.lib.tpu.ru/fulltext/c/2014/C21/250.pdf 
942 |c CF